Gua̕ prc̀tica de ISR Personas fs̕icas 2019 /

Detalles Bibliográficos
Autor principal: Přez Chv̀ez, Još
Otros Autores: Fol Olgun̕, Raymundo
Formato: eBook
Lenguaje:español
Publicado: Ciudad de Mx̌ico: Tax Editores, 2019
Materias:
Acceso en línea:Acceso restringido

MARC

LEADER 00000nam a22000007a 4500
005 2019051506566.0
007 cr|||| ||||
008 190515s2019 mx |||||s|||| 00||0 spa d
020 |a 978-607-629-370-6 
035 |a 23402 
040 |a vLex 
090 |c 8706  |d 8706 
100 1 |a Přez Chv̀ez, Još 
245 1 0 |a Gua̕ prc̀tica de ISR  |h [Recurso electrn̤ico] :  |b Personas fs̕icas 2019 /  |c Jos ̌Přez Chv̀ez, Raymundo Fol Olgun̕ 
256 |a Servicio en ln̕ea 
260 |a Ciudad de Mx̌ico:  |b Tax Editores,  |c 2019 
300 |a 1 recurso electrn̤ico 
500 |a Uno de los tributos ms̀ importantes que deben pagar las personas fs̕icas es el impuesto sobre la renta (ISR), el cual, por lo general, grava la renta (utilidades) de las personas fs̕icas y morales. En esta obra el lector podr ̀encontrar, entre otros, los siguientes temas relativos a las personas fs̕icas: 1. Tratamiento fiscal de los ingresos por salarios y conceptos asimilados a estos. 2. Determinacin̤ de la base del impuesto y cl̀culo de los pagos provisionales de las personas fs̕icas que desarrollan actividades empresariales y profesionales. 3. Cl̀culo de la base del impuesto y de los pagos provisionales bimestrales (cuando se opta por determinarlos mediante la aplicacin̤ de un coeficiente de utilidad) y definitivos de las personas fs̕icas que tributan en el rǧimen de incorporacin̤ fiscal. 4. Determinacin̤ de la base del impuesto y de los pagos provisionales por el arrendamiento de bienes inmuebles. 5. Tratamiento fiscal de los ingresos por enajenacin̤ de bienes muebles e inmuebles, intereses, dividendos y dems̀ ingresos de las personas fs̕icas. 6. Cl̀culo del impuesto del ejercicio de las personas fs̕icas. La obra incluye, entre otros, los ordenamientos fiscales siguientes: 1. La Ley de Ingresos de la Federacin̤ vigente. 2. La Resolucin̤ Miscelǹea Fiscal. Estamos seguros de que esta obra ser ̀de gran utilidad para los estudiantes de nuestra legislacin̤ tributaria federal, para los despachos de contadores pb︢licos, as ̕como para las personas interesadas en temas fiscales. 
506 1 |a Disponible solo en los productos indicados  |d vLex Global  |d vLex Global (Academic Edition, excluding Law Schools)  |d vLex Global (U.S. Academic Edition, Law Schools)  |d vLex Global (U.S. Academic Edition, excluding Law Schools)  |d vLex Global (Academic Edition, Law Schools) 
650 0 4 |a Derecho Fiscal  |z Mx̌ico 
700 1 |a Fol Olgun̕, Raymundo 
740 0 |a vLex Libros (Servicio en ln̕ea) 
856 4 0 |u http://vlex.com/source/guia-practica-de-isr-personas-fisicas-2019-23402  |z Acceso restringido 
942 |c BOOK 
999 0 |a Tax Law